UM Logo

Riccardo Tisci: (Record no. 11532)

MARC details
000 -LEADER
fixed length control field 00476nam a2200145 4500
008 - FIXED-LENGTH DATA ELEMENTS--GENERAL INFORMATION
fixed length control field 181210b ||||| |||| 00| 0 eng d
022 ## - INTERNATIONAL STANDARD SERIAL NUMBER
International Standard Serial Number 2094-8042
082 ## - DEWEY DECIMAL CLASSIFICATION NUMBER
Classification number DPer 050 T48 Apr-June 2016 v. 187 n. 12-24
100 ## - MAIN ENTRY--PERSONAL NAME
9 (RLIN) 33082
Personal name Versace, Donatella
245 ## - TITLE STATEMENT
Title Riccardo Tisci:
Remainder of title fashion's agitator/
Statement of responsibility, etc. Donatella Versace.
260 ## - PUBLICATION, DISTRIBUTION, ETC. (IMPRINT)
Place of publication, distribution, etc. Hong Kong;
Name of publisher, distributor, etc. Time Asia,
Date of publication, distribution, etc. c2016.
300 ## - PHYSICAL DESCRIPTION
Extent v187 n16-17, page 56:
Other physical details illustrations;
Dimensions 27 cm.
650 #0 - SUBJECT ADDED ENTRY--TOPICAL TERM
9 (RLIN) 33083
Topical term or geographic name as entry element Fashion.
942 ## - ADDED ENTRY ELEMENTS (KOHA)
Source of classification or shelving scheme Dewey Decimal Classification
Koha item type Periodicals
Holdings
Withdrawn status Lost status Source of classification or shelving scheme Damaged status Not for loan Home library Current library Date acquired Total Checkouts Full call number Date last seen Price effective from Koha item type Public note
    Dewey Decimal Classification     UM Digos College - LIC UM Digos College - LIC 12/10/2018   DPer 050 T48 Apr-June 2016 v. 187 n. 12-24 12/10/2018 12/10/2018 Periodicals Periodical article